| 000 | 00689nam a2200229Ia 4500 | ||
|---|---|---|---|
| 003 | OSt | ||
| 005 | 20240406123718.0 | ||
| 008 | 210210b1988 xxu||||| |||| 00| 0 eng d | ||
| 040 | _cAL | ||
| 041 | _aKannada | ||
| 082 | _aK894.301 YASA | ||
| 100 |
_aYASHAVANTI ES SUVARNA. _dಯಶವಂತಿ ಸುವರ್ಣ _9159351 |
||
| 245 |
_aAa hennunayiya atmakathe. _bಆ ಹೆಣ್ಣು ನಾಯಿಯ ಆತ್ಮಕಥೆ |
||
| 260 |
_aUdupi _bYashavanti Es Suvarna _c1988 |
||
| 300 | _axii,128 | ||
| 650 |
_aSanna kategalu. _9159352 |
||
| 650 |
_ahennunayiya _9159353 |
||
| 650 |
_aatmakathe. _9159354 |
||
| 690 |
_aKannada Fiction _9159355 |
||
| 906 | _a041722 | ||
| 942 |
_2ddc _cBK |
||
| 999 |
_c91189 _d91189 |
||